| 000 | 01426nam a2200337 a 4500 | ||
|---|---|---|---|
| 999 |
_c529424 _d529424 |
||
| 001 | 1844318 | ||
| 003 | NUST | ||
| 005 | 20190926095908.0 | ||
| 008 | 820227s1981 dcua b f000 0 eng | ||
| 010 | _a 81052689 | ||
| 020 |
_a0309031613 (pbk.) : _c$8.00 |
||
| 038 | _aMSOHAIL | ||
| 040 |
_aDLC _cDLC _dDLC |
||
| 050 | 0 | 0 |
_aTE250 _b.C64 |
| 082 | 0 | 0 |
_a625.76 _219 |
| 245 | 0 | 0 | _aCollection and use of pavement condition data. |
| 260 |
_aWashington, D.C. : _bTransportation Research Board, National Research Council, _c[1981] |
||
| 300 |
_a74 p. : _bill. ; _c28 cm. |
||
| 490 | 1 |
_aSynthesis of highway practice / National Cooperative Highway Research Program, _x0547-5570 ; _v76 |
|
| 500 | _a"Research sponsored by the American Association of State Highway and Transportation Officials in cooperation with the Federal Highway Administration." | ||
| 500 | _a"July 1981." | ||
| 500 | _a"Project 20-5 FY 1978 (Topic 1-05)." | ||
| 504 | _aIncludes bibliographical references. | ||
| 650 | 0 |
_aPavements _xMaintenance and repair. _920806 |
|
| 710 | 2 |
_aNational Research Council (U.S.). _bTransportation Research Board. _919676 |
|
| 710 | 2 |
_aAmerican Association of State Highway and Transportation Officials. _919553 |
|
| 710 | 1 |
_aUnited States. _bFederal Highway Administration. _920149 |
|
| 830 | 0 |
_aSynthesis of highway practice ; _v76. _921447 |
|
| 906 |
_a7 _bcbc _corignew _d2 _eocip _f19 _gy-gencatlg |
||
| 942 |
_2ddc _cBK |
||